000 00210 a2200097 4500
001 51488
100 _aIrving T B
245 _aIslam Resurgent
260 _aLahore
_bSuhail Academy
_c
090 _c32612
_d32612
942 _aNUST-CAE
_cM
_c25128
999 _c286561
_d286561